Global materials compliance handbook

Salvato in:
Dettagli Bibliografici
Autore principale: Phyper, John
Natura: Libro
Lingua:Undetermined
Pubblicazione: New Jersey John Wiley and Sons 2004
Soggetti:
Tags: Aggiungi Tag
Nessun Tag, puoi essere il primo ad aggiungerne! !
Thư viện lưu trữ: Trung tâm Học liệu Trường Đại học Cần Thơ
LEADER 00567nam a2200205Ia 4500
001 CTU_97531
008 210402s9999 xx 000 0 und d
020 |c 92.10 
082 |a 363.17 
082 |b P578 
100 |a Phyper, John 
245 0 |a Global materials compliance handbook 
245 0 |c John Phyper, Philippe Ducas, Peter J. Baish 
260 |a New Jersey 
260 |b John Wiley and Sons 
260 |c 2004 
650 |a Hazardous substances 
650 |x Transportation 
904 |i Trúc 
980 |a Trung tâm Học liệu Trường Đại học Cần Thơ